|
|
|
|
| LEADER |
00000nam0a2200000 4500 |
| 001 |
187465 |
| 005 |
20231031174013.0 |
| 035 |
|
|
|a (RuTPU)RU\TPU\book\203422
|
| 090 |
|
|
|a 187465
|
| 100 |
|
|
|a 20101116d1959 k y0rusy50 ca
|
| 101 |
0 |
|
|a rus
|
| 102 |
|
|
|a RU
|
| 105 |
|
|
|a a z 101zy
|
| 200 |
1 |
|
|a Труды 4-го совещания по электрохимии, 1-6 октября 1956 г., г. Москва
|f Академия наук СССР (АН СССР) ; под ред. А. Н. Фрумкина
|
| 210 |
|
|
|a Москва
|c Изд-во Академии наук СССР
|d 1959
|
| 215 |
|
|
|a 868 с.
|c ил.
|
| 320 |
|
|
|a Библиогр. в конце докл.
|
| 610 |
1 |
|
|a электрохимия
|
| 610 |
1 |
|
|a совещания
|
| 610 |
1 |
|
|a электрический слой
|
| 610 |
1 |
|
|a адсорбция
|
| 610 |
1 |
|
|a кинетика
|
| 610 |
1 |
|
|a перенапряжения
|
| 610 |
1 |
|
|a восстановление
|
| 610 |
1 |
|
|a электрохимическое окисление
|
| 610 |
1 |
|
|a электродные процессы
|
| 610 |
1 |
|
|a электроосаждение
|
| 610 |
1 |
|
|a пассивность металлов
|
| 610 |
1 |
|
|a диффузия
|
| 610 |
1 |
|
|a электролиз
|
| 610 |
1 |
|
|a химическая промышленность
|
| 610 |
1 |
|
|a труды учёных ТПУ
|
| 610 |
1 |
|
|a библиотека А. Г. Стромберга
|
| 675 |
|
|
|a 544.6(063)
|v 3
|
| 702 |
|
1 |
|a Фрумкин
|b А. Н.
|g Александр Наумович
|4 340
|
| 712 |
0 |
2 |
|a Академия наук СССР (АН СССР)
|2 stltpush
|3 (RuTPU)RU\TPU\col\722
|
| 712 |
1 |
2 |
|a Электрохимия
|c совещание
|d 4
|e Москва
|f 1956
|
| 801 |
|
1 |
|a RU
|b 63413507
|c 20101116
|
| 801 |
|
2 |
|a RU
|b 63413507
|c 20170912
|g RCR
|
| 942 |
|
|
|c BK
|